| 000 | 01429cam a22003254a 4500 | ||
|---|---|---|---|
| 001 | 13927488 | ||
| 005 | 20060724211856.0 | ||
| 008 | 050412s2005 njua b 001 0 eng | ||
| 010 | _a2005274004 | ||
| 020 | _a0471457698 (alk. paper) | ||
| 040 |
_aDLC _cDLC _dDLC |
||
| 042 | _apcc | ||
| 050 | 0 | 0 |
_aHB172 _b.B49 2005 |
| 082 |
_222 _a338.5 _bBES |
||
| 100 | 1 |
_aBesanko, David, _d1955- |
|
| 245 | 1 | 0 |
_aMicroeconomics / _cDavid A. Besanko, Ronald R. Braeutigam. |
| 250 | _a2nd ed. | ||
| 260 |
_aHoboken, NJ : _bJohn Wiley & sons, _cc2005. |
||
| 300 |
_axxii, 706, G-9, I-12 p. : _bcol. ill. ; _c27 cm. |
||
| 500 | _aOnline instructional tools are available to supplement the text. | ||
| 504 | _aIncludes bibliographical references and index. | ||
| 650 | 0 | _aMicroeconomics. | |
| 700 | 1 |
_aBraeutigam, Ronald R. _q(Ronald Ray) |
|
| 856 | 4 | 2 |
_3Contributor biographical information _uhttp://www.loc.gov/catdir/enhancements/fy0626/2005274004-b.html |
| 856 | 4 | 2 |
_3Publisher description _uhttp://www.loc.gov/catdir/enhancements/fy0626/2005274004-d.html |
| 856 | 4 | 1 |
_3Table of contents only _uhttp://www.loc.gov/catdir/enhancements/fy0626/2005274004-t.html |
| 942 |
_cBB _2ddc |
||
| 999 |
_c10350 _d10350 |
||